00662nam a22001817a 450000500170000001000150001702000270003203500150005903700140007408200120008824501070010026000550020727000890026230000300035150000610038170000200044270000180046220181030114024.0 aENG-124405 c1095.00a9789352807659 a EN-107937 bDBAD/PUB. a338.954 aKerala's economic development:ced.by B.A. Prakash [and] Jerry Alwinbemerging issues and challenges / aNew DelhibSage Publications India Pvt. Ltd.c2018 aB1/I-1, Mohan Cooperative Industrial Area Mathura Road Post Bag 7bNew Delhie110044 axi,411p.c21cm.(Hb)bill. aIt includes about the editors and contributors and index a Prakash, B.A. a Alwin, Jerry